000 00644nam a22002057a 4500
005 20251108164221.0
008 250721s1987 xx 000 0 ara d
082 1 4 _a617.6/عبد
100 1 _aمصطفى، عبد المنعم
245 1 0 _aأمراض الفم و الفكين و الأسنان /
264 1 _aبيروت :
_bالمؤسسة العربية للدراسات،
_c1987.
300 _a144ص
490 0 _aالموسوعة الطبية العائلية ؛ الكراس 3
650 1 7 _aطب الأسنان
650 1 7 _aالفم
650 1 7 _aالأمراض
650 1 7 _aالجراحة
942 _2ddc
_cBK
999 _c6618
_d6618